Pengaturcaraan Basic

Bibliographic Details
Main Author: Goh Kek Seng
Format: Book
Series:Siri literasi komputer
Subjects:

MARC

LEADER 00000cam a2200000 7i4500
001 0000003677
002 000003960
005 20000330.0
020 |a 9679145778 
090 0 0 |a 005.133   |b GOH 
100 0 |a Goh Kek Seng 
245 1 0 |a Pengaturcaraan Basic   |c Goh Kek Seng 
490 0 |a Siri literasi komputer 
650 0 0 |a BASIC (Computer program language) 
999 |a 037128   |b BUKU   |c PINJAMAN   |e PERPUSTAKAAN KOMUNITI PETALING JAYA